国際宇宙ステーション(ISS)の参加国 - Statistics

General Stats
  • This quiz has been taken 94 times
  • The average score is 12 of 15
Answer Stats
参加国 % Correct
アメリカ
99%
日本
99%
ドイツ
96%
カナダ
95%
フランス
95%
イタリア
94%
イギリス
94%
ロシア
92%
スペイン
88%
スイス
67%
ベルギー
66%
ノルウェー
66%
スウェーデン
66%
オランダ
61%
デンマーク
58%
No matching quizzes found
Score Distribution
Percent of People with Each Score
Percentile by Number Answered
Your Score History
You have not taken this quiz